000 00428 a2200145 4500
005 20250626142814.0
020 _a0-88936-842-2
082 _a338. 91 SCH
245 _aThe Cornerstone of Development: Inegtating Environmental, Social and Economic Policies
260 _aLondon
_bLewis Publishers
_c1198.
300 _aviii,312p.: ill.; tables
_bIndex
_c23cm
700 _aJamie Schnurr
700 _aSusan Holtz
942 _2ddc
_cBKS
999 _c5398
_d5398